Émissions animées par Vincent Lagaf' - Mort subite - Statistiques

Statistiques générales
  • Ce quiz a été pris 335 fois
  • Le résultat moyen est 4 sur 8
Answers on the Grid
Answers color-coded by a green-red scale on the quiz's grid according to % correct below.
Une Famille en or
Le Bigdil
Qui veut gagner des millions
La Roue de la fortune
Crésus
Turbo
Questions pour un champion
Les 12 coups de midi
Drôle de jeu
Danse avec les stars
S.O.S garage
Star Academy
Slam
Rendez-vous en terre inconnue
Boom
Motus
Tout le monde veut prendre sa place
TPMP (Touche pas à mon poste)
Quotidien
Le Juste prix
Fort Boyard
C'est pas sorcier
Strike
Vendredi tout est permis
L'Or à l'appel
Les Enfants de la télé
Téléfoot
N'oubliez pas les paroles
 
Statistiques - réponses
Réponse % Correct
Le Bigdil
81%
Le Juste prix
70%
Crésus
55%
Strike
54%
L'Or à l'appel
53%
Boom
46%
S.O.S garage
46%
Drôle de jeu
41%
Aucun quiz correspondant
Distribution des résultats
% des personnes avec chaque résultat
Percentile par nombre de réponses
Votre historique - résultats
Vous n’avez pas pris ce quiz